Normal view
MARC view
Entry Personal Name
001 - CONTROL NUMBER
- control field: 21059
003 - CONTROL NUMBER IDENTIFIER
- control field: dpl
005 - DATE AND TIME OF LATEST TRANSACTION
- control field: 20100922111533.0
008 - FIXED-LENGTH DATA ELEMENTS
- fixed length control field: 100922|||a|||||| | ||| d
040 ## - CATALOGING SOURCE
- Original cataloging agency: dpl
- Transcribing agency: dpl
100 ## - HEADING--PERSONAL NAME
- Personal name: Reza, Rhi Masoom
670 ## - SOURCE DATA FOUND
- Source citation: Work cat.: (dpl): Jagjit Singh 1184, Nirvana /, 1983
670 ## - SOURCE DATA FOUND
- Source citation: Work cat.: (dpl): Jagjit Singh 1184, Nirvana /, 1983
